000 00702nam a2200289Ia 4500
005 20260324121500.0
008 008 260324s9999 xx 000 0 eng d
020 _a9781315819860
037 _aEBOOK
040 _aCRL
040 _beng
040 _cCRL
041 _2eng
041 _aeng
084 _qCRL
100 _aHeather Wolpert-Gawron
_91105203
245 0 _aWriting Behind Every Door
245 0 _bTeaching Common Core Writing in the Content Areas
260 _bTaylor and Francis
260 _c2014
365 _a
365 _b180
856 _uhttp://www.taylorfrancis.com/books/9781315819860
942 _cEBOOK
999 _c1754812
_d1754812